Technology programs that work / (Record no. 363)
[ view plain ]
| 000 -LEADER | |
|---|---|
| fixed length control field | 01368nam a2200313Ia 4500 |
| 001 - CONTROL NUMBER | |
| control field | ACD-2728 |
| 008 - FIXED-LENGTH DATA ELEMENTS--GENERAL INFORMATION | |
| fixed length control field | 910514s1984 nyu r f00100 eng d |
| 005 - DATE AND TIME OF LATEST TRANSACTION | |
| control field | 20200129130613.0 |
| 010 ## - LIBRARY OF CONGRESS CONTROL NUMBER | |
| -- | 23740002 |
| 037 ## - SOURCE OF ACQUISITION | |
| Stock number | ED ED 289459 |
| Source of stock number/acquisition | ERIC |
| 043 ## - GEOGRAPHIC AREA CODE | |
| Geographic area code | n-us--- |
| 074 ## - GPO ITEM NUMBER | |
| GPO item number | 0466-A-03 (MF) |
| 086 0# - GOVERNMENT DOCUMENT CLASSIFICATION NUMBER | |
| Classification number | ED 1.310/2:289459 |
| 049 ## - LOCAL HOLDINGS (OCLC) | |
| Holding library | DRUG |
| 245 00 - TITLE STATEMENT | |
| Title | Technology programs that work / |
| Statement of responsibility, etc. | Michael B. Webb, editor. |
| 260 0# - PUBLICATION, DISTRIBUTION, ETC. | |
| Place of publication, distribution, etc. | New York, N.Y. : |
| Name of publisher, distributor, etc. | Technology for the NDN Project, Institute for Urban and Minority Education, Teachers College, Columbia University, |
| Date of publication, distribution, etc. | [1984] |
| 300 ## - PHYSICAL DESCRIPTION | |
| Extent | 72, [1] p. ; |
| Dimensions | 28 cm. |
| 500 ## - GENERAL NOTE | |
| General note | "Spons agency Office of Educational Research and Improvement"--Doc. resume. |
| 500 ## - GENERAL NOTE | |
| General note | "This directory was developed by the Technology for the National Diffusion Network Project, Teachers College, Columbia University pursuant to contract number OE-300-83-0253, U.S. Department of Education"--T.p. verso. |
| 500 ## - GENERAL NOTE | |
| General note | Distributed to depository libraries in microfiche. |
| 500 ## - GENERAL NOTE | |
| General note | "December 1984." |
| 500 ## - GENERAL NOTE | |
| General note | Includes indexes. |
| 610 10 - SUBJECT ADDED ENTRY--CORPORATE NAME | |
| Corporate name or jurisdiction name as entry element | United States. |
| Subordinate unit | National Diffusion Network |
| General subdivision | Directories. |
| 650 #0 - SUBJECT ADDED ENTRY--TOPICAL TERM | |
| Topical term or geographic name entry element | Educational technology |
| Geographic subdivision | United States. |
| 650 #0 - SUBJECT ADDED ENTRY--TOPICAL TERM | |
| Topical term or geographic name entry element | Federal aid to education |
| Geographic subdivision | United States. |
| 700 10 - ADDED ENTRY--PERSONAL NAME | |
| Personal name | Webb, Michael B. |
| 710 10 - ADDED ENTRY--CORPORATE NAME | |
| Corporate name or jurisdiction name as entry element | United States. |
| Subordinate unit | Office of Educational Research and Improvement. |
| 942 ## - ADDED ENTRY ELEMENTS (KOHA) | |
| Koha item type | Mixed Materials |
| Withdrawn status | Lost status | Damaged status | Not for loan | Collection | Home library | Current library | Shelving location | Date acquired | Barcode | Date last seen | Price effective from | Koha item type |
|---|---|---|---|---|---|---|---|---|---|---|---|---|
| Reference | Centerville | Centerville | General stacks | 09/04/2014 | 39999000015812 | 09/04/2014 | 09/04/2014 | Books | ||||
| Reference | Centerville | Centerville | General stacks | 09/04/2014 | 39999000015836 | 09/04/2014 | 09/04/2014 | Books | ||||
| Reference | Midway | Midway | General stacks | 09/04/2014 | 39999000015799 | 09/04/2014 | 09/04/2014 | Books | ||||
| Reference | Midway | Midway | General stacks | 09/04/2014 | 39999000015850 | 09/04/2014 | 09/04/2014 | Books |